<?xml version="1.0" encoding="UTF-8"?>
<record
    xmlns:xsi="http://www.w3.org/2001/XMLSchema-instance"
    xsi:schemaLocation="http://www.loc.gov/MARC21/slim http://www.loc.gov/standards/marcxml/schema/MARC21slim.xsd"
    xmlns="http://www.loc.gov/MARC21/slim">

  <leader>01290nam a22002177a 4500</leader>
  <controlfield tag="005">20260128091348.0</controlfield>
  <controlfield tag="008">260127b        |||||||| |||| 00| 0 eng d</controlfield>
  <datafield tag="020" ind1=" " ind2=" ">
    <subfield code="a">9788126477401</subfield>
  </datafield>
  <datafield tag="040" ind1=" " ind2=" ">
    <subfield code="c">AL</subfield>
  </datafield>
  <datafield tag="082" ind1=" " ind2=" ">
    <subfield code="a">920</subfield>
    <subfield code="b">JOSB</subfield>
  </datafield>
  <datafield tag="100" ind1=" " ind2=" ">
    <subfield code="a">Joseph Annamkutty Jose</subfield>
    <subfield code="9">252869</subfield>
  </datafield>
  <datafield tag="245" ind1=" " ind2=" ">
    <subfield code="a">Buried thoughts</subfield>
    <subfield code="b">: one life many stories</subfield>
  </datafield>
  <datafield tag="250" ind1=" " ind2=" ">
    <subfield code="a">23.</subfield>
  </datafield>
  <datafield tag="260" ind1=" " ind2=" ">
    <subfield code="a">Kerala</subfield>
    <subfield code="b">D C Books</subfield>
    <subfield code="c">2025</subfield>
  </datafield>
  <datafield tag="300" ind1=" " ind2=" ">
    <subfield code="a">311p.</subfield>
    <subfield code="b">PB</subfield>
    <subfield code="c">21x14cm.</subfield>
  </datafield>
  <datafield tag="365" ind1=" " ind2=" ">
    <subfield code="a">TFMR-87025</subfield>
    <subfield code="b">&#x20B9;308.10</subfield>
    <subfield code="c">&#x20B9;</subfield>
    <subfield code="d">&#x20B9;308.10</subfield>
    <subfield code="f">14-01-2026</subfield>
  </datafield>
  <datafield tag="520" ind1=" " ind2=" ">
    <subfield code="a">Buried Thoughts : Each person&#x2019;s life is a grand sum of a thousand tales, told and untold, with its uphills and downhills and with its bleakness and magnificence. Here, joseph is narrating his own life experience with staggering honesty and you feel that you are a part of the plot. They speak to us about love, remembrance, mistake and hope that motivate us to re-examine our lives and find meaning in it. With the turn of each page, the author gives off a sensation that no matter how dark dusk is, dawn is always waiting at the end of the horizon. However, his writing will captivate you till the end and force you to bring back the memories you have buried alive under the slab called &#x201C;Life&#x2019;&#x2019;</subfield>
  </datafield>
  <datafield tag="650" ind1=" " ind2=" ">
    <subfield code="a">Biography</subfield>
    <subfield code="9">252844</subfield>
  </datafield>
  <datafield tag="650" ind1=" " ind2=" ">
    <subfield code="a">Memoirs</subfield>
    <subfield code="9">252845</subfield>
  </datafield>
  <datafield tag="942" ind1=" " ind2=" ">
    <subfield code="2">ddc</subfield>
    <subfield code="c">BK</subfield>
  </datafield>
  <datafield tag="999" ind1=" " ind2=" ">
    <subfield code="c">240822</subfield>
    <subfield code="d">240822</subfield>
  </datafield>
  <datafield tag="952" ind1=" " ind2=" ">
    <subfield code="0">0</subfield>
    <subfield code="1">0</subfield>
    <subfield code="2">ddc</subfield>
    <subfield code="4">0</subfield>
    <subfield code="7">0</subfield>
    <subfield code="8">MAN</subfield>
    <subfield code="a">AL</subfield>
    <subfield code="b">AL</subfield>
    <subfield code="c">SK</subfield>
    <subfield code="d">2026-01-23</subfield>
    <subfield code="e">amazon.in</subfield>
    <subfield code="g">308.10</subfield>
    <subfield code="l">0</subfield>
    <subfield code="o">920 JOSB</subfield>
    <subfield code="p">078081</subfield>
    <subfield code="r">2026-01-27 14:04:22</subfield>
    <subfield code="v">308.10</subfield>
    <subfield code="w">2026-01-14</subfield>
    <subfield code="y">BK</subfield>
  </datafield>
</record>
